LeBron James All-Star Teammates Quiz - Statistics

General Stats
  • This quiz has been taken 33 times
  • The average score is 16 of 32
Answer Stats
Career
Selections
Seasons Teammate
w/ LeBron
Player % Correct
13 MIA 2010–14CLE 2017–18 Dwyane Wade
100%
10 LAL 2019–25 Anthony Davis
97%
9 CLE 2014–17 Kyrie Irving
97%
11 MIA 2010–14 Chris Bosh
94%
6 LAL 2025–pres. Luka Dončić
94%
5 CLE 2014–18 Kevin Love
90%
15 CLE 2009–10 Shaquille O'Neal
84%
9 LAL 2021–23 Russell Westbrook
77%
8 LAL 2019–20LAL 2021–22 Dwight Howard
74%
1 MIA 2010–13 Juwan Howard
71%
10 MIA 2012–14 Ray Allen
71%
10 LAL 2021–22 Carmelo Anthony
68%
2 CLE 2003–10MIA 2010–11 Žydrūnas Ilgauskas
65%
3 CLE 2017 Deron Williams
52%
1 CLE 2008–10CLE 2015–16 Mo Williams
52%
4 LAL 2018–20LAL 2021–22 Rajon Rondo
48%
3 CLE 2017–18 Derrick Rose
42%
1 LAL 2018–19 Brandon Ingram
39%
1 LAL 2023–24 D'Angelo Russell
39%
3 LAL 2020–21 Marc Gasol
39%
2 CLE 2010 Antawn Jamison
35%
1 CLE 2016–18 Kyle Korver
35%
4 CLE 2007–09 Ben Wallace
32%
2 CLE 2017–18LAL 2021 Isaiah Thomas
32%
2 CLE 2003–04 Carlos Boozer
26%
1 LAL 2021–22 DeAndre Jordan
23%
2 LAL 2021 Andre Drummond
19%
2 MIA 2012–14 Rashard Lewis
16%
1 LAL 2018–19 Tyson Chandler
16%
1 CLE 2007–09 Wally Szczerbiak
13%
2 MIA 2010–11 Jerry Stackhouse
10%
1 MIA 2010–11 Jamaal Magloire
0%
No matching quizzes found
Score Distribution
Percent of People with Each Score
Percentile by Number Answered
Your Score History
You have not taken this quiz